000 00466nam a22001697a 4500
003 NUST - PNEC
005 20170116181154.0
008 160108b xxu||||| |||| 00| 0 eng d
020 _a-
040 _cLIBRARY
082 _a658.5 FRA
100 _915754
_aFraser, John Munro
245 _aCommon purpose in industry : ( or "what's in it for you?" )
_cJohn Munro Fraser
260 _cc.1962
650 _915755
_aCommon Industry
_xME / General
942 _2ddc
_cBK
999 _c71118
_d71118